000 01361nam a22003857a 4500
003 CHAP
005 20220817044304.0
008 090911s2007 it a rn 00010 eng d
010 _a96727
011 _a97699
020 _a9789251059081
035 _a108369
040 _cCHAP
082 0 4 _a636.08
_bF21yMan. v.5
110 2 _aFAO
245 1 0 _aWild birds and avian influenza :
_ban introduction to applied field research and disease sampling techniques
_c/by Whitworth, D. ...[et al.]
260 _aRome :
_bFAO,
_c2007
300 _avi, 113 p. :
_bilus.
490 0 _aFAO. Producción y sanidad animal. Manual
_v; 5
590 _aBATCH-UPD
_b10
_c20130110
_lUCH01
_h1047
590 _aBATCH-UPD
_b10
_c20130410
_lUCH01
_h0645
590 _aBATCH-UPD
_b10
_c20130914
_lUCH01
_h0340
590 _aCONVERSION
_b10
_c20130109
_lUCH01
_h1353
650 1 4 _aAnimales salvajes.
_95917
650 1 4 _aAves acuáticas.
_98631
650 1 4 _aAves
_xEnfermedades.
_98604
650 1 4 _aAves
_xJaulas y equipo.
_98614
650 1 4 _aControl biológico de enfermedades.
_927579
650 1 4 _aVirus de la influenza aviar.
_9119943
700 1 _aWhitworth, Darrell
_9121792
830 0 _aFAO. Producción y sanidad animal. Manual
_v; 5
_939661
901 _aBK
942 _cLIBRO
949 _a636.08 F21yMan. v.5
_bBC
_cFAO
_d33724002072355
_eFAO1
_gDonaciØn
_h110877
_i108369
_sb
999 _c96727
_d96727